000 01064cab a2200265 4500
001 ABS67626
008 040324n2004 000 0 eng u
035 _a(Sirsi) u125558
100 _aTemple, P.
245 _aKeeping an eye on house prices
260 _c2004
490 _aInvestors Chronicle
_v147(1874) 98-99(2)
520 _aFocuses on the ever-increasing range of house price indices and their value to the home owner. Explains what house price indices are, why the results vary and comments on how the principal indices are compiled and adjusted. Recommends particular indices for specific purposes.
590 _aABS
650 _aHOME OWNERS
650 _aHOMETRACK.CO.UK HOUSE PRICE INDEX
650 _aHALIFAX HOUSE PRICE INDEX
650 _aNATIONWIDE HOUSE PRICE INDEX
650 _aODPM HOUSE PRICE INDEX
650 _aRIGHTMOVE HOUSE PRICE INDEX
650 _aFINANCIAL TIMES/ACADAMETRICS HOUSE PRICE INDEX
650 _aHOUSE PRICE INDICES
690 _aPROPERTY-RESIDENTIAL PROPERTY-RESIDENTIAL PROPERTY MARKET
942 _n0
999 _c74296
_d74296